[Event "St Petersburg op"]
[Site "St Petersburg"]
[Date "1995.??.??"]
[Round "2"]
[White "Orlov, Vassily"]
[Black "Chepukaitis, Genrikh"]
[Result "1/2-1/2"]
[WhiteElo "2435"]
[BlackElo "2300"]

1.e4 g6 2.d4 Bg7 3.Nc3 d6 4.Be3 a6 5.Bd3 e6 6.Qd2 h6 7.Nge2 Ne7 8.O-O-O b5
9.Rdf1 Nd7 10.f4 f5 11.g4 b4 12.Nd1 fxe4 13.Bxe4 Rb8 14.Qd3 O-O 15.Bxg6 c5
16.g5 Qa5 17.gxh6 Bf6 18.Kb1 Kh8 19.Rhg1 Bb7 20.dxc5 Bd5 21.cxd6 Qxa2+ 22.Kc1 Nc6
23.Rf2 Rb5 24.Rg5 Bc4 25.Qe4 Bxe2 26.Rxe2 Bxg5 27.Qxc6 Rd5 28.Bd3 Nf6 29.fxg5 Qa1+
30.Kd2 Ne4+ 31.Ke1 Rxd3 32.cxd3 Rf1+ 33.Kxf1 Qxd1+ 34.Re1 Qf3+ 35.Kg1 Qg4+
36.Kh1 Qf3+ 37.Kg1 Qg4+  1/2-1/2

[Event "Chigorin mem"]
[Site "St Petersburg"]
[Date "1995.??.??"]
[Round "5"]
[White "Dmitriev, Igor"]
[Black "Shour, Janna"]
[Result "1-0"]
[WhiteElo "2450"]
[BlackElo "2150"]

1.e4 d6 2.Nc3 g6 3.d4 Bg7 4.h3 Nf6 5.g3 c6 6.Bg2 O-O 7.Nge2 e5 8.O-O b5 9.f4 exd4
10.Nxd4 b4 11.Na4 Qa5 12.c4 Bd7 13.b3 Re8 14.e5 dxe5 15.fxe5 Qxe5 16.Bf4 Qh5
17.g4 Nxg4 18.hxg4 Bxg4 19.Nf3 Na6 20.Rf2 Rad8 21.Qf1 Nc5 22.Nxc5 Qxc5 23.Re1 Bxf3
24.Rxe8+ Rxe8 25.Bxf3 Bd4 26.Kg2 Bxf2 27.Qxf2 Qxf2+ 28.Kxf2 Re6 29.c5 f5
30.Bd6 Kf7 31.Bxc6 Kf6 32.Bd5 Rxd6 33.cxd6 g5 34.Ke3 h5 35.Kd4  1-0

[Event "St Petersburg op"]
[Site "St Petersburg"]
[Date "1995.??.??"]
[Round "9"]
[White "Bakhrakh, Victor"]
[Black "Chepukaitis, Genrikh"]
[Result "1/2-1/2"]
[WhiteElo "2215"]
[BlackElo "2300"]

1.e4 g6 2.d4 Bg7 3.Nc3 d6 4.Be3 a6 5.Qd2 Nd7 6.f3 h6 7.Nh3 e6 8.Be2 Ne7 9.g4 b5
10.Nf2 c5 11.Ncd1 Qc7 12.c3 h5 13.h4 hxg4 14.fxg4 Bb7 15.Bd3 e5 16.d5 c4
17.Bc2 f5 18.gxf5 gxf5 19.Bg5 Bf6 20.Bxf6 Nxf6 21.Ne3 f4 22.Neg4 Nxg4 23.Nxg4 Bc8
24.Bd1 Ng8 25.Bf3 Qh7 26.Qe2 Bxg4 27.Bxg4 Nf6 28.Bf5 Qh5 29.Qxh5+ Nxh5 30.a4 Ng3
31.Bg6+ Ke7 32.Rg1 Rag8 33.h5 Nxh5 34.axb5 Ng3 35.Bf5 Nxf5 36.Rxg8 Rxg8 37.Rxa6 Rg1+
38.Kf2 Rb1 39.exf5 Rxb2+ 40.Kf3 Rc2 41.Ke4 Re2+ 42.Kf3 Re3+ 43.Kg4 Rg3+ 44.Kh4 Rxc3
45.f6+ Kxf6 46.Rxd6+ Kf5 47.Rd8  1/2-1/2

[Event "Stockholm"]
[Site "Stockholm"]
[Date "1995.??.??"]
[Round "8"]
[White "Sammalvuo, Tapani"]
[Black "Chernin, Alexander"]
[Result "1/2-1/2"]
[WhiteElo "2310"]
[BlackElo "2600"]

1.e4 g6 2.d4 Bg7 3.Nc3 d6 4.Nf3 a6 5.a4 Bg4 6.Be3 Nc6 7.Be2 Nf6 8.O-O O-O
9.Qd2 Re8 10.Rad1 e5 11.dxe5 Bxf3 12.Bxf3 Nxe5 13.Be2 Qd7 14.f3 Rab8 15.Ba7 Rbd8
16.Bf2 Qe6 17.Nd5  1/2-1/2

[Event "SVK-chT"]
[Site "?"]
[Date "1995.??.??"]
[Round "?"]
[White "Blazkova, Petra"]
[Black "Duriga, Stefan"]
[Result "1-0"]
[WhiteElo "2205"]
[BlackElo "2215"]

1.e4 g6 2.d4 Bg7 3.Nc3 d6 4.Nf3 c6 5.Be2 b5 6.O-O a6 7.Re1 Qc7 8.e5 d5 9.Bf4 Bg4
10.Qd2 e6 11.a4 Bxf3 12.Bxf3 Qb7 13.Be2 Ne7 14.Bg5 b4 15.Na2 c5 16.Bf6 O-O
17.dxc5 Nbc6 18.Bd3 Rfb8 19.Qg5 Qa7 20.Re3 h6 21.Qh4 Nf5 22.Bxf5 g5 23.Bxg5 hxg5
24.Qh7+ Kf8 25.Bxe6 Nxe5 26.Bxd5 Qxc5 27.Bxa8 Rxa8 28.Qe4 Rd8 29.Qxb4 Qxb4
30.Nxb4 Nc4 31.Rd3 Ra8 32.Rad1 Nxb2 33.Rd8+ Rxd8 34.Rxd8+ Ke7 35.Ra8 a5 36.Rxa5 Bc3
37.Nd5+  1-0

[Event "SVK-chT"]
[Site "?"]
[Date "1995.??.??"]
[Round "?"]
[White "Bednar, Jaromir"]
[Black "Nedela, Vlastimil"]
[Result "1-0"]
[WhiteElo "2220"]
[BlackElo "2435"]

1.e4 g6 2.d4 Bg7 3.Nc3 d6 4.f4 c6 5.Nf3 Bg4 6.Be3 Qb6 7.Qd2 Bxf3 8.gxf3 e6
9.O-O-O Qa5 10.Kb1 Ne7 11.Rg1 Na6 12.Rg5 d5 13.h4 Rb8 14.Bh3 b5 15.f5 b4
16.Ne2 exf5 17.exf5 Nc7 18.Bf4 Rb7 19.Nc1 Nb5 20.Nb3 Qb6 21.Qxb4 O-O 22.fxg6 fxg6
23.Be6+ Kh8 24.Be5 Rxf3 25.a4 a5 26.Nxa5 Ra7 27.Nb3 c5 28.Nxc5 Bxe5 29.Rxe5 Ra3
30.Nb3 R3xa4 31.Qc5 Qa6 32.c3 Rc7 33.Bc8 Nxc3+ 34.Qxc3 Qxc8 35.Qf3 Nf5 36.Qxd5 Rb7
37.Nc5 Ra5 38.Qxb7 Qg8 39.Qb3 Qa8  1-0

[Event "SVK-chT"]
[Site "?"]
[Date "1995.??.??"]
[Round "?"]
[White "Manik, Mikulas"]
[Black "Petran, Peter"]
[Result "1/2-1/2"]
[WhiteElo "2380"]
[BlackElo "2420"]

1.e4 g6 2.d4 Bg7 3.Nc3 d6 4.Be3 c6 5.Qd2 b5 6.f3 Nd7 7.Nge2 Nb6 8.b3 a5 9.g4 b4
10.Nd1 c5 11.Ng3 Nd7 12.Nf2 Qc7 13.Rd1 Ba6 14.Bxa6 Rxa6 15.O-O cxd4 16.Bxd4 Bxd4
17.Qxd4 e5 18.Qd2 Rc6 19.Rc1 Nf8 20.Ne2 Ne6 21.c3 bxc3 22.Rxc3 Rxc3 23.Qxc3 Qxc3
24.Nxc3 Nd4 25.Nd3 Ne7 26.Nb2 Kd7 27.Nc4 Nec6 28.f4 Rf8 29.fxe5 Nxe5 30.Nxe5+ dxe5
31.Nd5 f5 32.exf5 gxf5 33.gxf5 Rxf5 34.Rxf5 Nxf5 35.Nf6+ Kc6 36.Nxh7 Kc5
37.Ng5 Kb4 38.Nf3  1/2-1/2

[Event "SVK-chT"]
[Site "?"]
[Date "1995.??.??"]
[Round "?"]
[White "Cimra, Jozef"]
[Black "Jelen, Peter"]
[Result "1-0"]
[WhiteElo "2205"]
[BlackElo "2105"]

1.e4 g6 2.d4 Bg7 3.Nc3 d6 4.f4 Nf6 5.Nf3 O-O 6.Bd3 c5 7.dxc5 dxc5 8.Be3 Qa5
9.Bd2 Nc6 10.e5 Ne8 11.h3 Qd8 12.Ne4 b6 13.Qe2 Nc7 14.O-O-O Ne6 15.c3 a6
16.g4 Ra7 17.f5 Nc7 18.e6 fxe6 19.fxg6 Rxf3 20.gxh7+ Kh8 21.Qxf3 Ne5 22.Ng5 Nxd3+
23.Kc2 Ne5 24.Bf4 Qe8 25.Bxe5 Qg6+ 26.Qd3 Qxg5 27.Bxc7 Bb7 28.h4 Qxg4 29.Rhg1 Qa4+
30.Kc1 Bh6+ 31.Rg5 Bxg5+ 32.hxg5 Qe4 33.g6  1-0

[Event "Szekszard op "]
[Site "Szekszard"]
[Date "1995.??.??"]
[Round "?"]
[White "Feher, Gyula"]
[Black "Bekesi, Istvan"]
[Result "1-0"]
[WhiteElo "2415"]
[BlackElo "2070"]

1.e4 d6 2.d4 g6 3.Nc3 Bg7 4.f4 Nd7 5.Nf3 e5 6.dxe5 dxe5 7.fxe5 Nxe5 8.Qxd8+ Kxd8
9.Bg5+ Ne7 10.Nd5 Nxf3+ 11.gxf3 f6 12.Nxf6 Be6 13.O-O-O+ Kc8 14.Nh5 gxh5
15.Bxe7 Re8 16.Bc5 Bh6+ 17.Kb1 Bf4 18.Be2 c6 19.Rhg1 a5 20.Rg7 h6 21.Bb6 Bxh2
22.Re7  1-0

[Event "Szekszard op "]
[Site "Szekszard"]
[Date "1995.??.??"]
[Round "?"]
[White "Molnar, B."]
[Black "Horvath, Julia"]
[Result "0-1"]
[WhiteElo "2340"]
[BlackElo "2295"]

1.e4 g6 2.d4 Bg7 3.Nc3 d6 4.h4 h5 5.Bc4 c6 6.a4 Nf6 7.Nh3 Bg4 8.Qd3 Bxh3
9.Rxh3 a5 10.e5 dxe5 11.dxe5 Qxd3 12.Bxd3 Ng4 13.e6 f5 14.Bg5 Bd4 15.f3 Nf2
16.Rg3 Nxd3+ 17.cxd3 Na6 18.Ne2 Bxb2 19.Rb1 Nb4 20.Kd2 Be5 21.Bf4 Bf6 22.Bc7 Nd5
23.Bf4 O-O-O 24.Rxg6 Rhg8 25.Rxg8 Rxg8 26.g3 Nxf4 27.Nxf4 Rxg3 28.Ke3 Bxh4
29.Rh1 Bg5 30.Rxh5 Rg2 31.Rh8+ Kc7 32.Ra8 b6 33.d4 Ra2 34.Ra7+ Kc8  0-1

[Event "Tastrup"]
[Site "Tastrup"]
[Date "1995.??.??"]
[Round "8"]
[White "Fulgsang, Flemming"]
[Black "Kristiansen, Jens"]
[Result "0-1"]
[WhiteElo "2265"]
[BlackElo "2455"]

1.e4 g6 2.d4 Bg7 3.Nc3 d6 4.Be3 c6 5.Qd2 Nd7 6.O-O-O b5 7.h4 h5 8.Nh3 Qa5
9.Ng5 Ngf6 10.f4 b4 11.Nb1 Ng4 12.Bg1 O-O 13.e5 Nb6 14.Bd3 Qxa2 15.e6 Bxe6
16.Nxe6 Qxe6 17.Qxb4 Nd5 18.Qa4 Nxf4 19.Nc3 Nxd3+ 20.Rxd3 d5 21.Qa6 Qd6 22.Kb1 Rfb8
23.Na4 Rb4 24.Rc3 Rab8 25.Qxa7 Qf4 26.Rf3 Qd2 27.Qxe7 Qd1+  0-1

[Event "Czerniak mem"]
[Site "Tel Aviv"]
[Date "1995.??.??"]
[Round "1"]
[White "Kundin, Alexander"]
[Black "Karp, Michael"]
[Result "1-0"]
[WhiteElo "2205"]
[BlackElo "2275"]

1.e4 g6 2.d4 d6 3.Nc3 Bg7 4.f4 a6 5.Nf3 Nd7 6.Bc4 b5 7.Bxf7+ Kf8 8.Bd5 c6
9.Bxc6 Rb8 10.Bd5 Nb6 11.Bb3 b4 12.Ne2 Nf6 13.e5 Ne4 14.O-O d5 15.a3 bxa3
16.Rxa3 e6 17.Qd3 Qc7 18.Ng5 Nxg5 19.fxg5+ Ke8 20.Nf4 Rf8 21.Qh3  1-0

[Event "Czerniak mem"]
[Site "Tel Aviv"]
[Date "1995.??.??"]
[Round "6"]
[White "Olesen, Martin"]
[Black "Karp, Michael"]
[Result "0-1"]
[WhiteElo "2340"]
[BlackElo "2275"]

1.e4 d6 2.d4 g6 3.Nc3 Bg7 4.Nf3 Nf6 5.Bf4 Nc6 6.Qd2 O-O 7.Bh6 e5 8.d5 Nd4
9.Bxg7 Nxf3+ 10.gxf3 Kxg7 11.f4 exf4 12.Qxf4 Bg4 13.f3 Bd7 14.O-O-O Nh5 15.Qe3 Qh4
16.Rd4 Ng3 17.Rg1 Qxh2 18.Rd2 Nxf1 19.Rxf1 Qh4 20.Rdd1 Qe7 21.f4 Rfe8 22.Rh1 f6
23.Rde1 h5 24.Qd4 Bg4 25.Re3 a6 26.Rhe1 Kh7 27.Qd2 Qg7 28.Nd1 Bxd1 29.Qxd1 Qh6
30.Qf3 Re7 31.Kb1 Rae8 32.a3 g5 33.fxg5 fxg5 34.e5 dxe5 35.Rf1 Qg6 36.Qe2 g4
37.Rh1 Kg7 38.Re4 Qg5 39.c4 Rf7 40.c5 Rf3 41.d6 cxd6 42.cxd6 Rf7 43.Ka1 Rd7
44.Rxh5 Qxh5 45.Rxg4+ Kf6 46.Rf4+ Kg6 47.Rg4+ Kf5 48.Rf4+ Kxf4 49.Qxh5 Red8
50.Qh2+ Ke4 51.Qe2+ Kd4 52.Qd2+ Kc5 53.Qc3+ Kxd6 54.Qd3+ Ke7 55.Qh7+ Kf6
56.Qh6+ Kf5 57.Qh5+ Kf4 58.Qh4+ Ke3 59.Qe1+ Kd4 60.Qd2+ Kc5 61.Qc3+ Kd6 62.Qd3+ Kc7
63.Qc3+ Kb8 64.Qxe5+ Ka8 65.Ka2 Rd6 66.Qe7 R8d7 67.Qe3 Rc7 68.Qe8+ Ka7 69.Qe5 Rdc6
70.Kb1 Rd7 71.Qe3+ Rb6 72.Qc5 Rd1+ 73.Ka2 Rd2 74.a4 Rxb2+ 75.Ka1 Rb4  0-1

[Event "Czerniak mem"]
[Site "Tel Aviv"]
[Date "1995.??.??"]
[Round "8"]
[White "Ilfeld, Etan"]
[Black "Karp, Michael"]
[Result "0-1"]
[WhiteElo "2195"]
[BlackElo "2275"]

1.e4 g6 2.d4 d6 3.Nc3 Bg7 4.Be3 a6 5.Qd2 b5 6.Bd3 Nd7 7.Nf3 c5 8.a4 bxa4
9.Nxa4 cxd4 10.Nxd4 Bb7 11.O-O Ngf6 12.Nc3 Ng4 13.Nb3 Nxe3 14.Qxe3 Ne5 15.Na5 Qc7
16.Be2 e6 17.f4 Nc6 18.Bb5 O-O 19.Bxc6 Bxc6 20.f5 Rfb8 21.f6 Bf8 22.Nxc6 Qxc6
23.b3 Rb4 24.Rf3 d5 25.exd5 exd5 26.Qd3 Rd4 27.Qe2 Bc5 28.Kh1 Re8 29.Qf1 Bb4
30.Rxa6 Qc8 31.Ne2 Rde4 32.Ng1 Re1 33.Qd3 h6 34.h3 Qc5 35.Kh2 Qxg1+ 36.Kg3 R1e2
37.Qxd5 Qxg2+ 38.Kf4 Bd2+  0-1

[Event "JUG-chT"]
[Site "Tivat"]
[Date "1995.??.??"]
[Round "1"]
[White "Vukovic, Zdravko"]
[Black "Tseshkovsky, Vitaly"]
[Result "0-1"]
[WhiteElo "2470"]
[BlackElo "2540"]

1.e4 g6 2.d4 Bg7 3.Nc3 d6 4.Be2 Nf6 5.Nf3 O-O 6.O-O c6 7.Re1 Nbd7 8.a4 e5
9.dxe5 dxe5 10.Qd6 Re8 11.Qa3 Bf8 12.Qa2 Nc5 13.Bc4 Qc7 14.Ng5 Ne6 15.Nxe6 Bxe6
16.Bxe6 Rxe6 17.Qc4 Qa5 18.Rb1 Qb4 19.Qxb4 Bxb4 20.Rd1 Ne8 21.Be3 Nd6 22.f3 f5
23.Na2 Ba5 24.Bc5 Bb6 25.Bxb6 axb6 26.Nc3 fxe4 27.fxe4 Rf8 28.Rf1 Nc4 29.Rxf8+ Kxf8
30.Re1 Nxb2 31.Rb1 Nc4 32.Rb4 Na5 33.Rxb6 Rd6 34.Rb1 Rd2 35.Rf1+ Ke7 36.Rf2 Rd4
37.Rf3 Nc4 38.Rh3 h5 39.Rg3 Kf6 40.Rf3+ Kg7 41.Rf1 Na3 42.Rc1 Rc4 43.Nb1 Rxc2
44.Rxc2 Nxc2 45.Nd2 Kf6 46.Nb3 b6 47.a5 bxa5 48.Nxa5 Nd4 49.Kf2 c5 50.Ke3 h4
51.Nc4 Nb5 52.Kd3 Ke6 53.Nd2 Nd4 54.Nb1  0-1

[Event "JUG-chT"]
[Site "Tivat"]
[Date "1995.??.??"]
[Round "2"]
[White "Bjelajac, Milan"]
[Black "Rakic, Tomislav"]
[Result "1/2-1/2"]
[WhiteElo "2380"]
[BlackElo "2380"]

1.e4 g6 2.d4 Bg7 3.Nc3 d6 4.g3 Nf6 5.Bg2 O-O 6.Nge2 e5 7.O-O Nc6 8.dxe5 dxe5
9.Bg5 Be6 10.Nd5 Bxd5 11.exd5 Ne7 12.c4 Rb8 13.Nc3 h6 14.Be3 b6 15.Nb5 a6
16.Na7 Qd6 17.Nc6 Nxc6 18.dxc6 Rfd8 19.Qxd6 Rxd6 20.Rad1 Ne8 21.b4 Bf8 22.c5 bxc5
23.bxc5 Rxd1 24.Rxd1 Nf6 25.h3 Be7 26.Rd3 Rb5 27.Rb3 Ra5 28.Rb7 Bxc5 29.Bxc5 Rxc5
30.Rxc7 Rc1+ 31.Kh2 e4 32.Rc8+ Kg7 33.a4 Rc2 34.Kg1 Rc1+ 35.Kh2 Rc2  1/2-1/2

[Event "JUG-chT"]
[Site "Tivat"]
[Date "1995.??.??"]
[Round "2"]
[White "Knezevic, Bojan"]
[Black "Nikolic, Zivoslav"]
[Result "1/2-1/2"]
[WhiteElo "2340"]
[BlackElo "2465"]

1.e4 g6 2.d4 Bg7 3.Nc3 d6 4.Be3 c6 5.Qd2 Nd7 6.f3 a6 7.Nge2 b5 8.g4 Bb7 9.Ng3 Qc7
10.Be2 e6 11.a4 b4 12.Nd1 a5 13.c4 c5 14.d5 Ne7 15.Rc1 O-O-O  1/2-1/2

[Event "JUG-chT"]
[Site "Tivat"]
[Date "1995.??.??"]
[Round "4"]
[White "Milovanovic, Nenad"]
[Black "Vlatkovic, Sinisa"]
[Result "0-1"]
[WhiteElo "2220"]
[BlackElo "2305"]

1.e4 g6 2.d4 Bg7 3.Nc3 d6 4.h3 c6 5.Nf3 Qc7 6.Be3 Nd7 7.a4 e5 8.Bc4 Ngf6
9.dxe5 dxe5 10.O-O O-O 11.a5 Re8 12.Ng5 Re7 13.Qd2 b5 14.axb6 Nxb6 15.Bxb6 Qxb6
16.Qd6 Rd7 17.Qxe5 Qb8 18.Qc5 h6 19.Nf3 Qxb2 20.Ra2 Qb8 21.e5 Nd5 22.Nxd5 cxd5
23.Bxd5 Rxd5 24.Qxd5 Be6 25.Qa5 Bxa2 26.Qxa2 Bxe5 27.Rd1 Qc7 28.Qd5 Re8 29.c4 Bf6
30.Qd6 Qxd6 31.Rxd6 Kg7 32.Rd7 a5 33.Ra7 Bc3 34.g3 Rc8 35.Kg2 Rxc4 36.Ng1 Ra4
37.Ne2 Be5 38.f4 Bb2  0-1

[Event "JUG-chT"]
[Site "Tivat"]
[Date "1995.??.??"]
[Round "5"]
[White "Cabrilo, Goran"]
[Black "Barlov, Dragan"]
[Result "1-0"]
[WhiteElo "2470"]
[BlackElo "2465"]

1.e4 g6 2.d4 Bg7 3.Nc3 d6 4.f4 c6 5.Nf3 Qb6 6.Bc4 d5 7.Bb3 Bg4 8.exd5 Nh6
9.dxc6 Bxf3 10.Qxf3 Nxc6 11.Ne2 Bxd4 12.c3 Bc5 13.Bd2 Nf5 14.Ng3 O-O-O 15.O-O-O e6
16.Ne4 Na5 17.g4 Nd6 18.Nxc5 Qxc5 19.Be3 Qb5 20.Bd4 Rhe8 21.Bc2 Nac4 22.b3 Na3
23.c4 Qa6 24.Bd3 Ndxc4 25.Bxc4 Nxc4 26.bxc4 Qxc4+ 27.Kb1 Kb8 28.Be5+ Ka8
29.Rxd8+ Rxd8 30.Rc1 Qb5+ 31.Qb3 Qd7 32.g5  1-0

[Event "JUG-chT"]
[Site "Tivat"]
[Date "1995.??.??"]
[Round "5"]
[White "Todorovic, Goran M"]
[Black "Rakic, Tomislav"]
[Result "1-0"]
[WhiteElo "2465"]
[BlackElo "2380"]

1.e4 g6 2.d4 Bg7 3.Nc3 d6 4.Nf3 Nf6 5.Be2 O-O 6.O-O c6 7.h3 a5 8.Be3 a4 9.a3 Qa5
10.Nd2 d5 11.e5 Ne8 12.f4 f5 13.Qe1 Qd8 14.Nf3 Nc7 15.Bd3 Ne6 16.Ne2 c5 17.dxc5 Ra5
18.Qf2 Nd7 19.Bd2 Ra8 20.Be3 Ra5 21.Ned4 Nexc5 22.Ng5 Qe8 23.Nde6 Nxe6 24.Nxe6 Nxe5
25.Nxf8 Nxd3 26.cxd3 Qxf8 27.Bd4 Bd7 28.Bxg7 Kxg7 29.Rfe1 Qf6 30.Re5 e6 31.Qc2 Qd8
32.Rc1 Qb6+ 33.Kh1 Kf6 34.Qc7 Qxc7 35.Rxc7 Bc6 36.Rxh7 Rc5 37.d4 Rc4 38.g4 g5
39.Rh6+ Kg7 40.Rexe6 fxg4 41.Reg6+ Kf7 42.f5 Rxd4 43.Rh7+ Kf8 44.Rd6 Kg8
45.Re7 Kf8 46.f6  1-0

[Event "JUG-chT"]
[Site "Tivat"]
[Date "1995.??.??"]
[Round "5"]
[White "Martinovic, Slobodan"]
[Black "Todorcevic, Miodrag"]
[Result "1-0"]
[WhiteElo "2445"]
[BlackElo "2465"]

1.e4 g6 2.d4 Bg7 3.Nc3 d6 4.Be3 c6 5.a4 Nf6 6.h3 Qa5 7.Qd2 O-O 8.Nf3 b5 9.Bd3 b4
10.Ne2 Na6 11.Bh6 c5 12.Bxg7 Kxg7 13.e5 dxe5 14.dxe5 Ng8 15.O-O Nc7 16.Be4 Rb8
17.Nf4 Ne6 18.Qe3 c4 19.Rfd1 Nxf4 20.Qxf4 Be6 21.Nd4 Qc5 22.c3 bxc3 23.bxc3 Rb6
24.Bf3 Nh6 25.Qe3 Qc7 26.g4 Bd7 27.Bg2 Ng8 28.Rd2 Rfb8 29.Raa2 Ra6 30.f4 e6
31.Nb5 Bxb5 32.axb5 Rxa2 33.Rxa2 Rb6 34.Qd4 Qb8 35.Ra4 g5 36.Qd7 Rxb5 37.Rxa7 Rb1+
38.Kh2 Qf8 39.f5 exf5 40.gxf5 Nh6 41.f6+ Kg8 42.Qd2 Rb8 43.Qxg5+  1-0

[Event "JUG-chT"]
[Site "Tivat"]
[Date "1995.??.??"]
[Round "7"]
[White "Novoselski, Zoran"]
[Black "Vujadinovic, Goran"]
[Result "1/2-1/2"]
[WhiteElo "2360"]
[BlackElo "2365"]

1.e4 d6 2.d4 g6 3.Nc3 Bg7 4.Be2 Nc6 5.Nf3 Nf6 6.O-O O-O 7.h3 e5 8.d5 Ne7
9.Ne1 c6 10.Bg5 cxd5 11.Nxd5 Nfxd5 12.exd5 h6 13.Be3 f5  1/2-1/2

[Event "JUG-chT"]
[Site "Tivat"]
[Date "1995.??.??"]
[Round "8"]
[White "Todorovic, Goran M"]
[Black "Damljanovic, Branko"]
[Result "1/2-1/2"]
[WhiteElo "2465"]
[BlackElo "2555"]

1.e4 g6 2.d4 Bg7 3.Nc3 d6 4.Bg5 h6 5.Be3 Nf6 6.h3 c6 7.Nf3 Qc7 8.a4 Nbd7
9.Be2 b6 10.O-O O-O 11.Nd2 e5 12.dxe5 dxe5 13.Nc4 Ba6 14.Qd2 Rad8 15.Bxh6 Nc5
16.Qe3 Bxc4 17.Bxc4 Rd4 18.b3 Ncxe4 19.Bxg7 Kxg7 20.Nxe4 Rxe4 21.Qc3 Qd6
22.Rad1 Qc5 23.Qf3 b5 24.axb5 cxb5 25.Bd3 Rb4 26.Rfe1 a5 27.Qe3 Qxe3 28.Rxe3 e4
29.Be2 Rc8 30.Rd2 Rc5 31.f3 a4 32.bxa4 bxa4 33.fxe4 Nxe4 34.Rd7 Rxc2 35.Ra7 Rc3
36.Rxc3 Nxc3 37.Bg4 Kf8 38.Bd7 Rd4 39.Kh2 Rc4 40.Kh1 Rb4 41.Kh2 g5 42.Bc6 Rf4
43.Bd7 Rd4 44.Bc6 f5 45.Ra5 f4 46.Rc5 Nd1 47.Rxg5 a3 48.Ra5 Rd3 49.Bf3 Ne3
50.h4 Rc3 51.h5 Nf1+ 52.Kh3 Nd2 53.Kg4 Nxf3 54.gxf3 Kg7 55.Kxf4 Kh6 56.Kg4 Rc4+
57.f4 Rc3 58.Ra6+ Kg7 59.Kf5 Rb3 60.Kg5 Rg3+ 61.Kf5 Rb3 62.Kg4 Rc3 63.f5 Rb3
64.Kf4 Rc3 65.h6+ Kh7 66.Ke5 Rb3 67.Kd4 Rf3 68.Ke4 Rc3 69.Kf4 Rd3 70.Kg5 Rg3+
71.Kf6 Kxh6 72.Kf7+ Kh7 73.f6 Re3 74.Kf8 Rb3 75.f7 a2 76.Rxa2 Rb8+ 77.Ke7 Rb7+
78.Ke6 Rb6+ 79.Ke7  1/2-1/2

[Event "JUG-chT (Women)"]
[Site "Tivat"]
[Date "1995.??.??"]
[Round "9"]
[White "Milosavljevic, Pavle"]
[Black "Petrovic, Marija"]
[Result "0-1"]
[WhiteElo "2205"]
[BlackElo "2270"]

1.e4 g6 2.d4 Bg7 3.Nc3 d6 4.Be3 a6 5.a4 b6 6.Qd2 Bb7 7.f3 Nd7 8.Bc4 h6 9.Nge2 e6
10.Nf4 Qe7 11.Bb3 Nf8 12.O-O Nf6 13.Nd3 N8d7 14.Nf2 c5 15.Rad1 Rd8 16.Bc4 d5
17.exd5 exd5 18.Rfe1 Ne4 19.Nxd5 Nxd2 20.Nxe7 Nxc4 21.Bf4 Nce5 22.Nxg6 fxg6
23.Bxe5 Bxe5 24.dxe5 g5  0-1

[Event "JUG-chT"]
[Site "Tivat"]
[Date "1995.??.??"]
[Round "10"]
[White "Bjelajac, Milan"]
[Black "Laketic, Gojko"]
[Result "0-1"]
[WhiteElo "2380"]
[BlackElo "2420"]

1.e4 g6 2.d4 Bg7 3.Nc3 d6 4.g3 Nc6 5.d5 Nb8 6.Bg2 c6 7.Nge2 Nf6 8.O-O O-O
9.h3 Bd7 10.a4 a5 11.Be3 Na6 12.Qd2 Nb4 13.Nd4 Qc7 14.Rfe1 e5 15.dxe6 fxe6
16.Rad1 e5 17.Nde2 Rf7 18.g4 Raf8 19.Ng3 Ne8 20.Nce2 Bc8 21.Nc1 Be6 22.b3 b6
23.Nd3 Na6 24.c4 Nc5 25.Nxc5 dxc5 26.Re2 Bc8 27.Qd8 Qb7 28.Red2 Nc7 29.Qd3 Ne6
30.Ne2 Bf6 31.Bh6 Re8 32.Qe3 Qe7 33.Rf1 Kh8 34.Qc3 g5 35.h4 gxh4 36.Bh3 Rg8
37.Kh2 Nd4 38.f3 Bg5 39.Bxg5 Qxg5 40.f4 Qg7 41.f5 Qg5 42.Nxd4 cxd4 43.Qd3 c5
44.Rg2 Bb7 45.Rf3 Qf6 46.Rf1 Rfg7 47.Rfg1 Rg5 48.Qf3 Kg7 49.Re1 Kf8 50.Qf2 R5g7
51.Qd2 Ke7 52.Reg1 Qg5 53.Qxg5+ Rxg5 54.Re1 Kf6 55.Rf2 Bc6 56.Ra2 R8g7 57.b4 axb4
58.a5 Ra7 59.Rea1 Rgg7 60.g5+ Rxg5 61.axb6 Rxa2+ 62.Rxa2 Rg7 63.Bf1 Rb7 64.Bd3 Rxb6
65.Ra5 b3 66.Rxc5 b2 67.Ra5 Kg5 68.Bb1 Kf4 69.c5 Rb8 70.Ra6 Bxe4 71.Rb6 Rxb6
72.cxb6 Bxb1 73.b7 Be4  0-1

[Event "Tomo Zupan op"]
[Site "Tomo Zupan"]
[Date "1995.??.??"]
[Round "7"]
[White "Susnik, Matej"]
[Black "Muri, Emil"]
[Result "1-0"]
[WhiteElo "2190"]
[BlackElo "2080"]

1.e4 g6 2.d4 Bg7 3.Nc3 d6 4.f4 Nf6 5.Nf3 c5 6.dxc5 Qa5 7.Bd3 Qxc5 8.Qe2 O-O
9.Be3 Qa5 10.O-O Bg4 11.Qe1 Nc6 12.Nd2 Nb4 13.Nb3 Qd8 14.f5 Nxd3 15.cxd3 gxf5
16.exf5 e6 17.Nd4 Qd7 18.Qh4 Bxf5 19.Nxf5 exf5 20.Bd4 Ne8 21.Bxg7 Kxg7 22.Qg5+ Kh8
23.Rxf5 Rg8 24.Qf4 Rg7 25.Rf1 Kg8 26.Rg5 Qe6 27.Ne4 h6 28.Rxg7+ Kxg7 29.Ng3 Rc8
30.Qd4+ Kh7 31.Qxa7 Rc2 32.Qxb7 Qxa2 33.Qe4+ Kg7 34.Qxe8 Rxb2 35.Nh5+ Kg6
36.Qe4+ Kxh5 37.Qf5+  1-0

[Event "Travemuende op"]
[Site "Travemuende"]
[Date "1995.??.??"]
[Round "4"]
[White "Freitag, Roland"]
[Black "Polzin, Rainer"]
[Result "1-0"]
[WhiteElo "2200"]
[BlackElo "2415"]

1.e4 g6 2.d4 Bg7 3.Nc3 d6 4.g3 Nf6 5.Bg2 O-O 6.Nge2 e5 7.h3 exd4 8.Nxd4 Bd7
9.O-O Nc6 10.Be3 Re8 11.Re1 a6 12.a4 Nb4 13.g4 c5 14.Nde2 Bc6 15.Ng3 Qa5
16.Qd2 Rad8 17.g5 Nd7 18.Nd1 Ne5 19.c3 Nbd3 20.Rf1 d5 21.f4 d4 22.Bf2 dxc3
23.bxc3 Nc4 24.Qa2 Nxf2 25.Rxf2 Qxa4 26.Qxa4 Bxa4 27.Rxa4 Rxd1+ 28.Kh2 b5
29.Rxc4 bxc4 30.e5 h6 31.h4 hxg5 32.hxg5 Red8 33.Ne4 Bf8 34.Ra2 Re1 35.Rxa6 Re2
36.Ra7 Bg7 37.Nd6 Rb8 38.Kh3 Re3+ 39.Kg4 Rxc3  1-0

[Event "Trelew Clarin-GP"]
[Site "Trelew"]
[Date "1995.??.??"]
[Round "6"]
[White "Giaccio, Alfredo"]
[Black "Iglesias, Alejandro"]
[Result "1-0"]
[WhiteElo "2410"]
[BlackElo "2225"]

1.e4 d6 2.d4 g6 3.Nc3 Bg7 4.f4 c6 5.Nf3 Bg4 6.Be3 Qb6 7.Qd2 f5 8.exf5 Bxf3
9.gxf3 gxf5 10.Rg1 Bf6 11.O-O-O Qa5 12.Bc4 d5 13.Nxd5 Qxd2+ 14.Rxd2 cxd5
15.Bxd5 Nc6 16.Bxg8 Kd7 17.Bb3 Na5 18.Ba4+ Kd6 19.Bb5 Rac8 20.b3 a6 21.Bd3 Rc3
22.Kb2 Rhc8 23.Bxf5 Rxe3 24.Bxc8 Rxf3 25.f5 Kc7 26.Be6 b5 27.c3 Nc6 28.b4 Kd6
29.Re2 Nxb4 30.Rg3 Rxg3 31.hxg3 Nc6 32.a3 a5 33.Rh2 b4 34.axb4 axb4 35.cxb4 Nxb4
36.Kb3 Nc6 37.d5 Nd4+ 38.Kc4 Nf3 39.Rxh7 Ng5 40.Rh1 Ke5 41.Re1+ Kd6 42.Kd3 Nf3
43.Re3 Ng5 44.Kd2 Bd4 45.Re2 Be5 46.Rg2 Ne4+ 47.Ke3 Nxg3 48.Rc2 Bf6 49.Kf4 Nh5+
50.Ke4 Ng3+ 51.Kf3 Nh5 52.Bf7 Ng7 53.Ke4 Bh4 54.Be6  1-0

[Event "Trelew Clarin-GP"]
[Site "Trelew"]
[Date "1995.??.??"]
[Round "9"]
[White "Casafus, Ruben"]
[Black "Schweber, Samuel"]
[Result "0-1"]
[WhiteElo "2390"]
[BlackElo "2325"]

1.d4 d6 2.e4 g6 3.Nc3 Bg7 4.f4 Nf6 5.Nf3 O-O 6.Be2 c5 7.dxc5 Qa5 8.O-O Qxc5+
9.Kh1 Nbd7 10.Bd3 a6 11.Qe1 e5 12.Be3 Qc7 13.fxe5 dxe5 14.Qh4 b5 15.Bh6 Bb7
16.Ng5 Rae8 17.Rf3 Nh5 18.Bxg7 Kxg7 19.Nxh7 Rh8 20.Ng5 Nf4 21.Qf2 f6 22.Nh3 Nxh3
23.gxh3 b4 24.Ne2 f5 25.Rg1 f4 26.Ng3 Nf6 27.Nf5+ Kf7 28.Bc4+ Re6 29.Qg2 Bxe4
30.Qxg6+ Kf8 31.Bxe6 Bxf3+ 32.Rg2 Bxg2+ 33.Qxg2 Rh7 34.Qa8+ Ne8 35.Qe4 a5
36.h4 Qb7 37.Bd5 Qa6 38.Kg1 Qf6 39.Kf1 Rh5  0-1

[Event "SVK-ch"]
[Site "Trencin"]
[Date "1995.??.??"]
[Round "4"]
[White "Petrik, Tomas"]
[Black "Petran, Peter"]
[Result "0-1"]
[WhiteElo "2145"]
[BlackElo "2355"]

1.e4 g6 2.d4 Bg7 3.Nc3 d6 4.f4 a6 5.Nf3 b5 6.a3 Nd7 7.Be3 Bb7 8.d5 Ngf6 9.Bd4 O-O
10.Bd3 c5 11.dxc6 Bxc6 12.Qe2 Nh5 13.g3 e5 14.fxe5 dxe5 15.Bf2 Qe7 16.O-O Bh6
17.Nh4 Nhf6 18.Ng2 Rac8 19.Rad1 Bb7 20.Be3 Bg7 21.Bg5 h6 22.Bxf6 Nxf6 23.Ne3 h5
24.Qf3 Qe6 25.Kh1 Rc5 26.Rf2 Ng4 27.Nxg4 hxg4 28.Qe3 Rc7 29.Bf1 Kh7 30.Bg2 Bh6
31.Qe1 Rfc8 32.Qf1 Kg7 33.Rd3 Bg5 34.Qd1 Rf8 35.Rd6 Qc8 36.Nd5 Rc6 37.Nb4 Rc4
38.Qd3 a5 39.Na2 Qc5 40.Re2 Rd4 41.Rxd4 exd4 42.c3 Rd8 43.Re1 Bf6 44.cxd4 Rxd4
45.Qe2 Qc4 46.Qxc4 Rxc4 47.e5 Bxg2+ 48.Kxg2 Rc2+ 49.Kf1 Bd8 50.Re2 Rxe2 51.Kxe2 Bc7
52.b4 axb4 53.Nxb4 Bxe5 54.Nc6 Bb2 55.Na7 Bxa3 56.Nxb5 Bc5 57.Kf1 Kf6 58.Nc3 Ke5
59.Kg2 f5 60.Ne2 g5 61.h3 gxh3+ 62.Kxh3 Ke4 63.Kg2 Ke3 64.Nc3 Bd4 65.Nd5+ Ke2
66.Kh3 Kf3 67.Ne7 g4+ 68.Kh2 f4 69.Nf5 fxg3+ 70.Nxg3 Be5  0-1

[Event "Tula"]
[Site "Tula"]
[Date "1995.??.??"]
[Round "?"]
[White "Shestoperov, Aleksej"]
[Black "Rustemov, Alexander"]
[Result "1-0"]
[WhiteElo "2445"]
[BlackElo "2450"]

1.d4 g6 2.e4 Bg7 3.Nc3 d6 4.g3 c5 5.dxc5 Bxc3+ 6.bxc3 dxc5 7.Qxd8+ Kxd8 8.Bc4 Ke8
9.Be3 Nd7 10.a4 Ngf6 11.f3 a5 12.Bb5 b6 13.Nh3 Ba6 14.Bxa6 Rxa6 15.Ke2 e6
16.Nf2 Ke7 17.f4 c4 18.Rab1 Rb8 19.Rhd1 Ra7 20.g4 Rab7 21.g5 Ne8 22.Rd4 b5
23.axb5 Nd6 24.Rbd1 Nxb5 25.Rxc4 a4 26.Ra1 a3 27.Kf3 Ra8 28.Rb4 Rbb8 29.Nd3 Nxc3
30.Rxb8 Rxb8 31.Rxa3 Rc8 32.Bc5+  1-0

[Event "Oberschwaben-ch"]
[Site "Ulm"]
[Date "1995.??.??"]
[Round "1"]
[White "Lutzenberger, Raimund"]
[Black "Gebhardt, Ulrich"]
[Result "1-0"]
[WhiteElo "2255"]
[BlackElo "2235"]

1.e4 g6 2.d4 Bg7 3.Nc3 d6 4.Be2 Nf6 5.h4 c5 6.d5 e5 7.h5 Bd7 8.a4 Na6 9.hxg6 fxg6
10.Bb5 O-O 11.Bxd7 Nxd7 12.Nf3 c4 13.Qe2 Bf6 14.Qxc4 Rc8 15.Qe2 Qa5 16.Ra3 Nb6
17.Qb5 Nc4 18.Qxa5 Nxa5 19.Kd1 Nc4 20.Ra1 Nb4 21.b3 Nb6 22.Ba3 Na6 23.Nb5 Nc5
24.Nxd6 Rfd8 25.Bxc5 Rxc5 26.Nxb7 Rcxd5+ 27.exd5 Rxd5+ 28.Ke2 e4 29.Nd2  1-0